000 00428nam a2200157Ia 4500
008 240729s9999 xx 000 0 und d
022 _a2213-2244
245 0 _aInternational Journal for Parasitology: Parasites and Wildlife
260 _aNetherlands
260 _bElsevier
650 _a Zoology
650 _aScience
856 _uhttps://doaj.org/toc/4e4b6308aacf413fb3227a57f8a62b29
942 _2ddc
942 _cDOAJEJ
999 _c70356
_d70356
945 _a1
_bMadushi Gamage
_c1
_dMadushi Gamage